Newton's madness : (Record no. 2084)

000 -LEADER
fixed length control field 00984nam a22003257a 4500
001 - CONTROL NUMBER
control field 565979
003 - CONTROL NUMBER IDENTIFIER
control field OSt
005 - DATE AND TIME OF LATEST TRANSACTION
control field 20210415112949.0
008 - FIXED-LENGTH DATA ELEMENTS--GENERAL INFORMATION
fixed length control field 890512s1991 nyu 001 0 eng
010 ## - LIBRARY OF CONGRESS CONTROL NUMBER
LC control number 89045678
020 ## - INTERNATIONAL STANDARD BOOK NUMBER
International Standard Book Number 0060162562
020 ## - INTERNATIONAL STANDARD BOOK NUMBER
International Standard Book Number 0060920505 (pbk)
040 ## - CATALOGING SOURCE
Original cataloging agency DLC
Transcribing agency DLC
Modifying agency DLC
-- OCoLC
Language of cataloging eng
041 ## - LANGUAGE CODE
Language code of text/sound track or separate title eng
050 00 - LIBRARY OF CONGRESS CALL NUMBER
Classification number RC359
Item number .K58 1990
080 ## - UNIVERSAL DECIMAL CLASSIFICATION NUMBER
Universal Decimal Classification number 616.8
Item number K-51
082 00 - DEWEY DECIMAL CLASSIFICATION NUMBER
Classification number 616.8/049
Edition number 20
100 1# - MAIN ENTRY--PERSONAL NAME
Personal name Klawans, Harold L.
245 10 - TITLE STATEMENT
Title Newton's madness :
Remainder of title further tales of clinical neurology /
Statement of responsibility, etc. / by: Harper Perennial
250 ## - EDITION STATEMENT
Edition statement 1st edition
260 ## - PUBLICATION, DISTRIBUTION, ETC.
Place of publication, distribution, etc. New York :
Name of publisher, distributor, etc. Harper Perennial
Date of publication, distribution, etc. 1991
300 ## - PHYSICAL DESCRIPTION
Extent xi, 218 p.
Dimensions 24 cm.
365 ## - TRADE PRICE
Price amount 8.95 usd
650 #0 - SUBJECT ADDED ENTRY--TOPICAL TERM
Topical term or geographic name entry element Neurology
General subdivision Case studies.
650 #0 - SUBJECT ADDED ENTRY--TOPICAL TERM
Topical term or geographic name entry element Brain
General subdivision Diseases
-- Case studies.
650 #0 - SUBJECT ADDED ENTRY--TOPICAL TERM
Topical term or geographic name entry element Neurologic manifestations of general diseases
General subdivision Case studies.
653 ## - INDEX TERM--UNCONTROLLED
Uncontrolled term ნევროლოგია
906 ## - LOCAL DATA ELEMENT F, LDF (RLIN)
a 7
b cbc
c orignew
d 1
e ocip
f 19
g y-gencatlg
942 ## - ADDED ENTRY ELEMENTS (KOHA)
Source of classification or shelving scheme
Koha item type Books
Edition 1
Holdings
Withdrawn status Lost status Source of classification or shelving scheme Damaged status Not for loan Permanent location Current location Date acquired Inventory number Total Checkouts Full call number Barcode Date last seen Price effective from Koha item type
          Ken Walker International University Ken Walker International University 03/10/2021 1824   616.8 K-51 1824 03/10/2021 03/10/2021 Books

Powered by Koha